LEADER 01345nam a2200313 i 4500 001 000000056089 003 CaOOAMICUS 005 20150910000000.0 008 150910s1988 it u000 u ita u 013 $a27261 020 $a88-04-31096-0 040 $aSeMil$bita 100 1 $aArendt, Hannah,$d<1906-1975>.$0(OLS)http://semarc/name/5933 240 10$aRahel Varnhagen : lebensgeschichte einer deutschen Jüdin aus der Romantik.$0(OLS)http://semarc/title/87127 245 10$aRahel Varnhagen :$bstoria di una ebrea /$cHannah Arendt ; A cura di Lea Ritter Santini. 260 $a[S.l.] :$bIl Saggiatore,$c1988. 300 $aXLVI, 257 p., [16] p. di tav. :$bill. ;$c22 cm. 490 0 $aLa cultura ;$v73 500 $aFondo Ciprandi. 650 4$aLevin Varnhagen, Rahel.$0(OLS)http://semarc/subject/11388 700 1 $aRitter Santini, Lea.$0(OLS)http://semarc/name/18947 830 3$aLa cultura ;$v73.$0(OLS)http://semarc/title/6877 850 $aSeMil 852 $aSeMil$W1$xVenegono$y1$m3N V 382$j22243$B22243$CSeMilBibl$Z2$F22245 $81 941 1 $a1 961 $aOmaggio: Ciprandi dott. Paolo 996 $6020$a88-04-31096-0$9(OLS)http://semarc/number/31231 996 $6245$aRahel Varnhagen :$bstoria di una ebrea$9(OLS)http://semarc/title/87126 996 $6260$a[S.l.] :$bIl Saggiatore$9(OLS)http://semarc/publisher/36741 LEADER 01636nam a2200241 i 4500 001 000000202034 003 CaOOAMICUS 005 20141003000000.0 008 141003s1963 it u000 u ita u 013 $a180740 040 $aSeMil$bita 245 10$aTurismo e pastorale :$batti del 1. Convegno nazionale per curatori d'anime in località climatiche, turistiche e termali, tenutosi a Roma sotto gli auspici del Centro per la preservazione della fede presso S.la [!] Congregazione del Concilio dal 18 al 22 febbraio 1963 /$cConvegno nazionale per curatori d'anime in località climatiche, turistiche e termali. 260 $a[S.l. :$bs.n.],$cimprim. 1963. 300 $a190 p. ;$c21 cm. 500 $aIn testa al front: Centro di orientamento pastorale, Sezione per i problemi pastorali del tempo libero e del turismo. - Fondo card. Giovanni Colombo. 650 4$aPastorale del turismo.$0(OLS)http://semarc/subject/10531 700 1 $aConvegno nazionale per curatori d'anime in località climatiche, turistiche e termali <1. ; 1963 ; Roma>.$0(OLS)http://semarc/name/73024 850 $aSeMil 852 $aSeMil$W1$xVenegono$y1$m3GC III 196$j152560$B152560$CSeMilBibl$Z2$F163634 $8B 941 1 $a3 961 $aLascito: Colombo Card. Giovanni 996 $6245$aTurismo e pastorale :$batti del 1. Convegno nazionale per curatori d'anime in località climatiche, turistiche e termali, tenutosi a Roma sotto gli auspici del Centro per la preservazione della fede presso S.la [!] Congregazione del Concilio dal 18 al 22 febbraio 1963$9(OLS)http://semarc/title/292453 996 $6260$a[S.l. :$bs.n.]$9(OLS)http://semarc/publisher/29751